000 00438nam a2200181Ia 4500
001 23155
005 20260414150919.0
008 260414t2013||||xx |||||||||||||| ||spa||
041 _aESP
082 _a624.2
_bF38
100 _aFu, Gongkang
_eAUT
245 0 _aBridge design and evaluation :
_bLRFD and LRFR
260 _c2013
300 _axiv, 429 páginas :
_c24 cm.
650 _a0
654 _aCIC
942 _cLIB
_dJUS
_fJUS
_2ddc
_n
999 _c23155
_d23155